Filipino Words Quiz 2 - Statistics

General Stats
  • This quiz has been taken 223 times
  • The average score is 10 of 12
Answer Stats
Hint Answer % Correct
Saging Banana
97%
Paa Foot
96%
Nanay Mother
96%
Ulan Rain
95%
Sagot Answer
93%
Unggoy Monkey
89%
Dagat Sea
88%
Apoy Fire
87%
Dahon Leaf
87%
Litrato Picture
83%
Katarungan Justice
66%
Kalawakan Galaxy
45%
No matching quizzes found
Score Distribution
Percent of People with Each Score
Percentile by Number Answered
Your Score History
You have not taken this quiz